000 00647nam a2200217 a 4500
001 000023152
005 20250611114542.0
008 101129s1970 ve 000 0 spa d
040 _aDO-SdBNP
_bspa
_cBNPHU
082 _a153.9
_bL925i
100 1 _aLópez, Rafael Ernesto.
_947668
245 1 0 _aInteligencia, afecto y nivel social /
_cRafael Ernesto López.
260 _aCaracas :
_bMonte Avila,
_c1970.
300 _a184 p. :
_bil. ;
_c19 cm.
490 1 _aEstudios
650 4 _aInteligencia
_92917
650 4 _aAfecto (psicología)
_9157
650 0 _aAdaptación social (Psicología)
_947669
830 0 _aEstudios
_93854
049 _aBNGR
999 _c22649
_d22649